Statistics for Countries in a Strip of the World Map

Click here to take the quiz!

General Stats

  • This quiz has been taken 20,044 times
  • The average score is 38 of 41

Answers on the Map

Answers color-coded by a green-red scale on the quiz's map according to % correct below.
Loading ...
 

Answer Stats

Country% Correct
Russia
100%
Egypt
99%
South Africa
99%
Turkey
99%
Saudi Arabia
99%
Iraq
98%
Iran
98%
Sudan
97%
Yemen
97%
Israel
97%
Somalia
96%
Syria
96%
Ethiopia
96%
D. R. Congo
95%
Jordan
95%
South Sudan
95%
Ukraine
95%
Kenya
95%
Lesotho
93%
Georgia
93%
Kazakhstan
93%
Lebanon
92%
Zimbabwe
92%
Tanzania
92%
Mozambique
91%
Eritrea
91%
Cyprus
91%
Uganda
90%
Azerbaijan
90%
Armenia
90%
Zambia
90%
Rwanda
89%
Kuwait
89%
Eswatini
89%
Botswana
89%
Djibouti
88%
Malawi
83%
Angola
83%
Namibia
82%
Central African Republic
82%
Burundi
81%

Score Distribution

Percentile by Number Answered

Percent of People with Each Score

Your Score History

You have not taken this quiz